| 000 | 00372nam a2200133Ia 4500 | ||
|---|---|---|---|
| 008 | 210428s9999 xx 000 0 und d | ||
| 020 | _a0071402144 | ||
| 082 | _a621.381 E379 E | ||
| 100 |
_aCharles A Harper _952132 |
||
| 245 | 0 | _aElectronic Materials and Processes Handbook, 3rd edition | |
| 260 |
_bMcGraw Hill _aNew York _c2004 |
||
| 300 | _a1.17p. | ||
| 942 |
_cBK _2ddc |
||
| 999 |
_c559894 _d559894 |
||